| 000 | 01458nam0a2200349 4500 | ||
|---|---|---|---|
| 001 | RU\NLR\bibl\1043201 | ||
| 005 | 20250615031720.0 | ||
| 010 |
_a5-16-002871-4 _9900 |
||
| 021 |
_aRU _b2006-83245 _94215 |
||
| 035 | _a(nilc)RSL-KNO-003006271 | ||
| 035 | _a(NLR Aleph) 001030588 | ||
| 090 |
_a756019 _c756019 |
||
| 100 | _a20061219d2006 |||y0rusy50 ca | ||
| 101 | 0 | _arus | |
| 102 | _aRU | ||
| 105 | _ay ||||||||| | ||
| 106 | _ar | ||
| 200 | 1 | _aСлужебные командировки | |
| 205 | _aИзд. 3-е | ||
| 210 |
_aМосква _cИНФРА-М _d2006 |
||
| 215 |
_a51, [1] с. _d20 |
||
| 225 | 1 |
_aБиблиотека журнала "Трудовое право Российской Федерации" _vВып. 8(136) |
|
| 606 | 1 |
_aКомандировки служебные _jПопулярные издания _xПравовое регулирование _yРоссийская Федерация _91342041 _3RU\NLR\auth\66559558 |
|
| 610 | 0 | _aГосударство и право. Юридические науки -- Трудовое право -- Российская Федерация -- Трудовой договор -- Командировки -- Пособие для специалистов | |
| 686 |
_aХ627.133,07 _2rubbk |
||
| 686 | _aХ627.133я9 | ||
| 801 | 0 |
_aRU _bРКП _c20061219 _grcr |
|
| 801 | 1 |
_aRU _bРГБ _c20061219 |
|
| 801 | 2 |
_aRU _bNLR _c20070209 _grcr |
|
| 942 | _cBOOK | ||
| 980 | _aNB | ||